First Names of U.S. Presidents - Statistics

General Stats
  • This quiz has been taken 7,244 times
  • The average score is 39 of 43
Answer Stats
Hint Answer % Correct
Washington George
100%
Bush George
100%
W. Bush George
100%
Adams John
100%
Quincy Adams John
100%
Tyler John
100%
Kennedy John
100%
Lincoln Abraham
98%
Obama Barack
98%
Reagan Ronald
98%
Jefferson Thomas
98%
Clinton Bill
97%
Madison James
97%
Monroe James
97%
Polk James
97%
Buchanan James
97%
Garfield James
97%
Nixon Richard
95%
Carter Jimmy
94%
Roosevelt Theodore
94%
Harrison William
94%
Mckinley William
94%
Taft William
94%
Pierce Franklin
93%
Roosevelt Franklin
93%
Truman Harry
93%
Jackson Andrew
92%
Johnson Andrew
92%
Eisenhower Dwight
91%
Grant Ulysses
89%
Coolidge Calvin
88%
Ford Gerald
88%
Hoover Herbert
88%
Johnson Lyndon
87%
Wilson Woodrow
87%
Cleveland Grover
86%
Van Buren Martin
85%
Hayes Rutherford
77%
Arthur Chester
76%
Fillmore Millard
74%
Taylor Zachary
70%
Harrison Benjamin
69%
Harding Warren
68%
No matching quizzes found
Score Distribution
Percent of People with Each Score
Percentile by Number Answered
Your Score History
You have not taken this quiz